书目信息 |
| 题名: |
生药学
|
|
| 作者: | 黄显章 , 王丽 主编 | |
| 分册: | ||
| 出版信息: | 长春 吉林大学出版社 2014 |
|
| 页数: | 441页 | |
| 开本: | 26cm | |
| 丛书名: | ||
| 单 册: | ||
| 中图分类: | R93 | |
| 科图分类: | ||
| 主题词: | 生药学--高等学校--教材 | |
| 电子资源: | ||
| ISBN: | 978-7-5677-2638-3 | |
| 000 | 00948nam0 2200241 450 | |
| 001 | 012015000064 | |
| 005 | 20151130093510.39 | |
| 010 | @a978-7-5677-2638-3@dCNY58.00 | |
| 100 | @a20150712d2014 em y0chiy50 ea | |
| 101 | 0 | @achi |
| 102 | @aCN@b220000 | |
| 105 | @ay z 000yy | |
| 106 | @ar | |
| 200 | 1 | @a生药学@Asheng yao xue@f黄显章,王丽主编 |
| 210 | @a长春@c吉林大学出版社@d2014 | |
| 215 | @a441页@d26cm | |
| 330 | @a本教材既注重生药学基本理论的系统性,重点阐述了生药学的基础理论、基本知识和基本技能,又强调理论联系实际,力求教学内容充分反映我国最新药品标准;既注重反映生药学的国际前沿和最新研究成果,突出了近年来快速发展的分子生生学等新的方法和技术,又结合我国用药的实际,按照药物自然属性及入药部位分类编排,方便读者学习和使用。 | |
| 606 | 0 | @a生药学@x高等学校@j教材 |
| 690 | @aR93@v5 | |
| 701 | 0 | @a黄显章@Ahuang xian zhang@4主编 |
| 701 | 0 | @a王丽@Awang li@4主编 |
| 801 | 0 | @aCN@b碧洲教育@c20151127 |
| 905 | @a10447@f4@dR93@e105 | |
| 生药学/黄显章,王丽主编.-长春:吉林大学出版社,2014 |
| 441页;26cm |
| ISBN 978-7-5677-2638-3:CNY58.00 |
| 本教材既注重生药学基本理论的系统性,重点阐述了生药学的基础理论、基本知识和基本技能,又强调理论联系实际,力求教学内容充分反映我国最新药品标准;既注重反映生药学的国际前沿和最新研究成果,突出了近年来快速发展的分子生生学等新的方法和技术,又结合我国用药的实际,按照药物自然属性及入药部位分类编排,方便读者学习和使用。 |
| ● |
| 相关链接 |
|
|
|
|
正题名:生药学
索取号:R93/105
 
预约/预借
| 序号 | 登录号 | 条形码 | 馆藏地/架位号 | 状态 | 备注 |
| 1 | 0871427 | 208714275 | 第二样本阅览室/ [索取号:R93/105] | 在馆 | |
| 2 | 0871428 | 208714284 | 第三借阅区/ [索取号:R93/105] | 在馆 | |
| 3 | 0871429 | 208714293 | 第三借阅区/ [索取号:R93/105] | 在馆 | |
| 4 | 0871430 | 208714300 | 第三借阅区/ [索取号:R93/105] | 在馆 |